000
00309nam a22001337a 4500
008
181101b xxu||||| |||| 00| 0 eng d
020
_a
9780321676481
041
_a
eng
080
_2
4th
_a
574
100
_a
9
101
_a
MJE
245
_a
Earth Resources and the Environment
_c
Craig, J.R
942
_2
udc
_c
BK
999
_c
51530
_d
51530